BIBLIOTECA

SENCICO

Pioneros del Diseño Moderno de William Morris a Walter Gropius (Registro nro. 754)

Detalles MARC
000 -LEADER
fixed length control field 00570nam a2200241Ia 4500
005 - DATE AND TIME OF LATEST TRANSACTION
control field 20251020182447.0
008 - FIXED-LENGTH DATA ELEMENTS--GENERAL INFORMATION
fixed length control field 200515s9999 xx 000 0 und d
020 ## - INTERNATIONAL STANDARD BOOK NUMBER
International Standard Book Number 987-9393-03-1
082 ## - DEWEY DECIMAL CLASSIFICATION NUMBER
Classification number 608.6:306/P46
100 ## - MAIN ENTRY--PERSONAL NAME
Personal name Pevsner, Nikolaus
245 #0 - TITLE STATEMENT
Title Pioneros del Diseño Moderno de William Morris a Walter Gropius
250 ## - EDITION STATEMENT
Edition statement 4a ed.
260 ## - PUBLICATION, DISTRIBUTION, ETC.
Place of publication, distribution, etc. Buenos aires
260 ## - PUBLICATION, DISTRIBUTION, ETC.
Name of publisher, distributor, etc. Infinito
260 ## - PUBLICATION, DISTRIBUTION, ETC.
Date of publication, distribution, etc. 2003
300 ## - PHYSICAL DESCRIPTION
Extent 208
300 ## - PHYSICAL DESCRIPTION
Other physical details il.
500 ## - GENERAL NOTE
General note 1 ejemplar
650 ## - SUBJECT ADDED ENTRY--TOPICAL TERM
Topical term or geographic name entry element DISEÑO
650 ## - SUBJECT ADDED ENTRY--TOPICAL TERM
Topical term or geographic name entry element DISEÑO MODERNO
942 ## - ADDED ENTRY ELEMENTS (KOHA)
Koha item type Libros
Existencias
Fecha de la última vez que lo usaron Pago total Signatura topográfica completa Código de barras Precio efectivo desde Tipo de documento Estado perdido Estado dañado No es para préstamo Retirado Ubicación permanente Ubicación actual Fecha de adquisición
15/05/2020   608.6:306/P46 Bib-Lima15050754 15/05/2020 Libros         Biblioteca Central Lima Biblioteca Central Lima 15/05/2020